MARC

LEADER 00000nam0a2200000 4500
001 368638
005 20231102012113.0
035 |a (RuTPU)RU\TPU\retro\26020 
090 |a 368638 
100 |a 20220415d1980 km y0rusy50 ca 
101 0 |a rus 
102 |a RU 
105 |a a z 001zy 
200 1 |a Воспламенение взрывных смесей от электрического разряда и обеспечение искробезопасности электрических цуепей  |f А. Т. Ерыгин  |g Академия наук СССР, Институт проблем комплексного освоения недр 
210 |a Москва  |c Наука  |d 1980 
215 |a 144 с.  |c ил. 
320 |a Библиогр.: с. 138-141 
606 1 |a Электрооборудование искробезопасное  |2 stltpush  |3 (RuTPU)RU\TPU\subj\20615  |9 45709 
610 1 |a взрывчатые смеси 
610 1 |a воспламенение 
610 1 |a электрические разряды 
610 1 |a электрические цепи 
610 1 |a коммутация 
610 1 |a моделирование 
610 1 |a энергоотдача 
610 1 |a оценка 
610 1 |a расчетные методы 
610 1 |a испытания 
675 |a 621.31-2  |v 4 
700 1 |a Ерыгин  |b А. Т.  |g Александр Тимофеевич 
712 0 2 |a Академия наук СССР  |b Институт проблем комплексного освоения недр  |c (Москва)  |2 stltpush  |3 (RuTPU)RU\TPU\col\13567  |9 25707 
801 1 |a RU  |b 63413507  |c 20220415 
942 |c BK